| 000 | 00388nam a2200157Ia 4500 | ||
|---|---|---|---|
| 008 | 160316s1957 xxu||||| |||| 00| 0 eng d | ||
| 082 |
_a320.500000 _bCOK |
||
| 100 | _aCoker Francis W | ||
| 245 | _aRecent political thought | ||
| 250 | _a | ||
| 260 |
_aCalcutta _bThe World Press _c1957 |
||
| 300 |
_a573p _b20 cm _cix |
||
| 365 | _bRs.700 Set | ||
| 650 | _a1.Political Thought | ||
| 700 |
_a _a |
||
| 999 |
_c54 _d54 |
||